| 000 | 00547nam a2200217Ia 4500 | ||
|---|---|---|---|
| 003 | OSt | ||
| 005 | 20250424113822.0 | ||
| 008 | 241129s9999||||xx |||||||||||||| ||und|| | ||
| 020 | _a9789391019105 | ||
| 040 |
_aSDCL _beng _cSDCL |
||
| 041 |
_aeng _2eng |
||
| 084 | _qSDCL | ||
| 100 | _aOsho | ||
| 245 | 0 |
_aRevolution : _bTalks on Kabir |
|
| 260 |
_aDelhi : _bJaico Publishing House, _c2023. |
||
| 300 | _aviii,231p. | ||
| 365 |
_aINR _b399 |
||
| 650 | _aReference | ||
| 942 |
_cGB _2CC _n0 _hS:2 R3 LR |
||
| 999 |
_c1233826 _d1233826 |
||